[Event "EU-ch 23rd"]
[Site "Vrnjacka Banja"]
[Date "2023.03.12"]
[Round "10"]
[White "Mastrovasilis, Athanasios"]
[Black "Filip, Andrei"]
[Result "1-0"]
[WhiteElo "2518"]
[BlackElo "2325"]
[PlyCount "73"]
[EventDate "2023.03.03"]
[EventType "swiss"]
[EventRounds "11"]
[EventCountry "SRB"]
[SourceTitle "CBM 213"]
[Source "ChessBase"]
[SourceDate "2023.04.30"]
[SourceVersion "1"]
[SourceVersionDate "2023.04.30"]
[SourceQuality "1"]

1. d4 Nf6 2. c4 e6 3. Nc3 Bb4 4. e3 b6 5. Nge2 Ne4 6. Qc2 Bb7 7. a3 Bxc3+ 8. Nxc3 Nxc3 9. Qxc3 d6 10. b3 Qh4 11. d5 e5 12. Bd3 Nd7 13. 0-0 0-0 14. e4 a5 15. Be3 Rfe8 16. f3 Nf8 17. b4 Qe7 18. c5 bxc5 19. bxc5 c6 20. Rab1 dxc5 21. Bxc5 Qd7 22. Rfd1 cxd5 23. Bb5 Bc6 24. Bxf8 Bxb5 25. Rxd5 Qe6 26. Rbxb5 Rxf8 27. Rxe5 Qh6 28. a4 Rac8 29. Rec5 Rcd8 30. Rd5 Rc8 31. Rbc5 Rb8 32. Qc1 Qb6 33. h3 Qb3 34. Rxa5 Rbc8 35. Qf4 Qb1+ 36. Kh2 Rc1 37. Qe3 1-0

[Event "EU-ch 23rd"]
[Site "Vrnjacka Banja"]
[Date "2023.03.11"]
[Round "9"]
[White "Filip, Andrei"]
[Black "Gramb, Marius"]
[Result "1-0"]
[WhiteElo "2325"]
[BlackElo "2159"]
[PlyCount "71"]
[EventDate "2023.03.03"]
[EventType "swiss"]
[EventRounds "11"]
[EventCountry "SRB"]
[SourceTitle "CBM 213"]
[Source "ChessBase"]
[SourceDate "2023.04.30"]
[SourceVersion "1"]
[SourceVersionDate "2023.04.30"]
[SourceQuality "1"]

1. e4 c6 2. Nc3 d5 3. Nf3 dxe4 4. Nxe4 Nf6 5. Qe2 Nxe4 6. Qxe4 Nd7 7. Bc4 Nf6 8. Ne5 e6 9. Qe2 b5 10. Bd3 Qc7 11. a4 Bd6 12. Nxc6 bxa4 13. Nd4 a6 14. Nf5 Be5 15. Nxg7+ Kf8 16. Nh5 Nxh5 17. Qxh5 Bb7 18. 0-0 Rd8 19. f3 Rd5 20. Qh6+ Bg7 21. Qh4 Rd4 22. Be4 Bxe4 23. fxe4 Qxc2 24. d3 Rd7 25. Bh6 Qc5+ 26. Kh1 Qe7 27. Bg5 Qd6 28. Rac1 Rc7 29. Rxc7 Qxc7 30. Rc1 Qd7 31. Be7+ Kg8 32. Qg3 f5 33. Bf6 Kf8 34. Rc8+ Qxc8 35. Qxg7+ Ke8 36. Qe7# 1-0

[Event "EU-ch 23rd"]
[Site "Vrnjacka Banja"]
[Date "2023.03.06"]
[Round "4"]
[White "Ivic, Velimir"]
[Black "Filip, Andrei"]
[Result "1-0"]
[WhiteElo "2606"]
[BlackElo "2325"]
[PlyCount "109"]
[EventDate "2023.03.03"]
[EventType "swiss"]
[EventRounds "11"]
[EventCountry "SRB"]
[SourceTitle "CBM 213"]
[Source "ChessBase"]
[SourceDate "2023.04.30"]
[SourceVersion "1"]
[SourceVersionDate "2023.04.30"]
[SourceQuality "1"]

1. d4 Nf6 2. c4 e6 3. Nc3 Bb4 4. e3 b6 5. Nge2 Ba6 6. a3 Be7 7. Nf4 d5 8. cxd5 Bxf1 9. Kxf1 Nxd5 10. Qf3 c6 11. Nh5 0-0 12. Bd2 Nd7 13. e4 N5f6 14. Nxf6+ Nxf6 15. Be3 Rc8 16. Rd1 Qc7 17. g3 Rfd8 18. Kg2 Rd7 19. Qe2 Rcd8 20. f3 h6 21. Rd2 c5 22. Rhd1 cxd4 23. Bxd4 Ne8 24. e5 Qc6 25. Ne4 Nc7 26. h4 Nd5 27. h5 Qa4 28. Bf2 Rc8 29. Rd4 Qb3 30. R1d3 Rc2 31. Rd2 Rdc7 32. Rxc2 Rxc2 33. Rd2 Rc1 34. f4 Bc5 35. Nxc5 bxc5 36. f5 Qb7 37. Qf3 c4 38. Kh2 c3 39. bxc3 Rxc3 40. Qg4 Rc1 41. Qf3 Rc3 42. Qe4 Rxa3 43. f6 Ra1 44. Bd4 Rb1 45. Rg2 Nc7 46. Qc2 Rf1 47. Qd3 Rf5 48. g4 Rf4 49. Be3 Rf3 50. Qd8+ Kh7 51. fxg7 Kxg7 52. g5 Rh3+ 53. Kxh3 Qf3+ 54. Kh2 Qxh5+ 55. Kg1 1-0

[Event "EU-ch 23rd"]
[Site "Vrnjacka Banja"]
[Date "2023.03.05"]
[Round "3"]
[White "Filip, Andrei"]
[Black "Mchedlishvili, Mikheil"]
[Result "1/2-1/2"]
[WhiteElo "2325"]
[BlackElo "2569"]
[PlyCount "90"]
[EventDate "2023.03.03"]
[EventType "swiss"]
[EventRounds "11"]
[EventCountry "SRB"]
[SourceTitle "CBM 213"]
[Source "ChessBase"]
[SourceDate "2023.04.30"]
[SourceVersion "1"]
[SourceVersionDate "2023.04.30"]
[SourceQuality "1"]

1. e4 c5 2. Nf3 d6 3. d4 cxd4 4. Nxd4 Nf6 5. Nc3 a6 6. Bg5 e6 7. f4 h6 8. Bh4 Nbd7 9. Qf3 e5 10. Nb3 Be7 11. f5 b5 12. 0-0-0 Qc7 13. Kb1 Bb7 14. a3 Rc8 15. Rd2 Nxe4 16. Nxe4 d5 17. f6 dxe4 18. fxg7 Rg8 19. Qh5 e3 20. Re2 Be4 21. Na1 Qb6 22. Bxe7 Kxe7 23. Qh4+ Nf6 24. Qxh6 Rcd8 25. Re1 Rd2 26. Bd3 Rxd3 27. cxd3 Bxd3+ 28. Ka2 e2 29. Rc1 Qe6+ 30. b3 Nd5 31. Qh3 f6 32. Rc5 Kf7 33. Qh5+ Kxg7 34. Qf3 e4 35. Qh5 Rd8 36. Nc2 Qd6 37. Nd4 e3 38. Rc6 Nc3+ 39. Rxc3 Qxd4 40. Rhc1 Rd7 41. Qh3 e1Q 42. Rxe1 Qxc3 43. Qxd7+ Kf8 44. Qd8+ Kf7 45. Qd7+ Kf8 1/2-1/2

[Event "ROM-ch"]
[Site "Sebes"]
[Date "2023.02.23"]
[Round "6"]
[White "Georgescu, Tiberiu Marian"]
[Black "Filip, Andrei"]
[Result "0-1"]
[WhiteElo "2479"]
[BlackElo "2319"]
[PlyCount "76"]
[EventDate "2023.02.19"]
[EventType "swiss"]
[EventRounds "9"]
[EventCountry "ROU"]
[SourceTitle "CBM 212 Extra"]
[Source "ChessBase"]
[SourceDate "2023.03.31"]
[SourceVersion "1"]
[SourceVersionDate "2023.03.31"]
[SourceQuality "1"]

1. Nf3 Nf6 2. g3 d5 3. Bg2 c6 4. 0-0 g6 5. b3 Bg7 6. Bb2 0-0 7. c4 a5 8. d4 h6 9. Nc3 Be6 10. Ne5 Nbd7 11. Rc1 dxc4 12. Nxc4 a4 13. e4 axb3 14. axb3 Nb6 15. Ne3 Qd7 16. d5 cxd5 17. Qd4 Ra6 18. e5 Ne4 19. Nxe4 dxe4 20. Bxe4 Bxb3 21. Bd3 Ra2 22. Bb1 Ra6 23. Bd3 Ra2 24. Bb1 Ra6 25. Qb4 Qa4 26. Qxe7 Nc4 27. Nxc4 Bxc4 28. Rfd1 Be2 29. Rd8 Rc6 30. Re1 Qa5 31. Rxe2 Rxd8 32. Qxb7 Rb6 33. Qe4 Rd2 34. Rxd2 Qxd2 35. e6 Qxb2 36. exf7+ Kh7 37. Bd3 Qc1+ 38. Kg2 Qc6 0-1

[Event "ROM-ch"]
[Site "Sebes"]
[Date "2023.02.21"]
[Round "3"]
[White "Filip, Andrei"]
[Black "Ghimpu, Samuel Timotei"]
[Result "1/2-1/2"]
[WhiteElo "2319"]
[BlackElo "2455"]
[PlyCount "110"]
[EventDate "2023.02.19"]
[EventType "swiss"]
[EventRounds "9"]
[EventCountry "ROU"]
[SourceTitle "CBM 212 Extra"]
[Source "ChessBase"]
[SourceDate "2023.03.31"]
[SourceVersion "1"]
[SourceVersionDate "2023.03.31"]
[SourceQuality "1"]

1. e4 c5 2. Nf3 e6 3. d4 cxd4 4. Nxd4 Nf6 5. Nc3 Nc6 6. Nxc6 bxc6 7. e5 Nd5 8. Ne4 Bb7 9. c4 Nb4 10. Bd2 c5 11. Bxb4 cxb4 12. Nd6+ Bxd6 13. Qxd6 Qb6 14. 0-0-0 Qxd6 15. Rxd6 f6 16. exf6 gxf6 17. Be2 Bxg2 18. Rg1 Ke7 19. Rd4 Rag8 20. Rh4 Bc6 21. Rxg8 Rxg8 22. Rxh7+ Kd6 23. Kd2 Rg1 24. Bd1 f5 25. h4 Rh1 26. h5 Ke5 27. Rg7 Kf4 28. Rg3 e5 29. a3 Rh2 30. Ke1 d5 31. cxd5 Bxd5 32. axb4 e4 33. Ra3 Rh1+ 34. Kd2 Rf1 35. Rh3 Rxf2+ 36. Ke1 Rg2 37. h6 Rg8 38. h7 Rh8 39. Kf2 Bf7 40. Rh6 e3+ 41. Ke1 Kg5 42. Rh1 f4 43. Rg1+ Kf6 44. Rg4 Kf5 45. Rg7 Bd5 46. Bc2+ Kf6 47. Rg6+ Ke7 48. Rg7+ Kf6 49. Rg6+ Ke5 50. Rg5+ Kd4 51. Rg4 Ke5 52. Rg5+ Kd6 53. Rg6+ Ke5 54. Rg5+ Kd4 55. Rg4 Ke5 1/2-1/2

[Event "ROM-ch"]
[Site "Sebes"]
[Date "2023.02.21"]
[Round "4"]
[White "Jianu, Vlad Cristian"]
[Black "Filip, Andrei"]
[Result "1/2-1/2"]
[WhiteElo "2518"]
[BlackElo "2319"]
[PlyCount "29"]
[EventDate "2023.02.19"]
[EventType "swiss"]
[EventRounds "9"]
[EventCountry "ROU"]
[SourceTitle "CBM 212 Extra"]
[Source "ChessBase"]
[SourceDate "2023.03.31"]
[SourceVersion "1"]
[SourceVersionDate "2023.03.31"]
[SourceQuality "1"]

1. d4 Nf6 2. c4 e6 3. Nf3 b6 4. Nc3 Bb4 5. e3 Bb7 6. Bd3 0-0 7. Bd2 c5 8. a3 Bxc3 9. Bxc3 cxd4 10. Bxd4 Nc6 11. Bc3 d5 12. 0-0 dxc4 13. Bxc4 Ne4 14. Qxd8 Rfxd8 15. Rfc1 1/2-1/2

[Event "ROM-ch"]
[Site "Sebes"]
[Date "2023.02.20"]
[Round "2"]
[White "Filip, Andrei"]
[Black "Negrean, Andrei"]
[Result "1-0"]
[WhiteElo "2319"]
[BlackElo "1955"]
[PlyCount "113"]
[EventDate "2023.02.19"]
[EventType "swiss"]
[EventRounds "9"]
[EventCountry "ROU"]
[SourceTitle "CBM 212 Extra"]
[Source "ChessBase"]
[SourceDate "2023.03.31"]
[SourceVersion "1"]
[SourceVersionDate "2023.03.31"]
[SourceQuality "1"]

1. e4 c5 2. Nf3 Nc6 3. d4 cxd4 4. Nxd4 Qc7 5. Nc3 e6 6. f4 a6 7. Nxc6 Qxc6 8. Bd3 b5 9. Qe2 Bb7 10. Bd2 Bc5 11. 0-0-0 Ne7 12. a3 0-0-0 13. Kb1 d5 14. Rhe1 Qb6 15. f5 dxe4 16. Nxe4 Nxf5 17. Nxc5 Qxc5 18. Ba5 Rd5 19. Be4 Rxd1+ 20. Rxd1 Qe3 21. Bxb7+ Kxb7 22. Rd7+ Kb8 23. Qd1 Rc8 24. g4 Qc5 25. gxf5 exf5 26. Bb4 Qc6 27. Rxf7 g6 28. Rxh7 g5 29. Rg7 g4 30. Rf7 Qe6 31. Qd6+ Qxd6 32. Bxd6+ Ka8 33. Rxf5 Kb7 34. Rf7+ Kc6 35. Rf8 Rxf8 36. Bxf8 Kd5 37. c3 a5 38. Kc2 Ke4 39. Bd6 a4 40. Kd2 Kd5 41. Bg3 Kc4 42. Kc2 Kc5 43. b4+ Kc4 44. Bb8 Kd5 45. Kd3 Ke6 46. Kd4 Kf5 47. Kc5 Ke4 48. Kxb5 Kd3 49. c4 Kc3 50. c5 Kb3 51. c6 Kxa3 52. c7 Kb3 53. c8Q a3 54. Qc4+ Kb2 55. Be5+ Kb1 56. Qb3+ Kc1 57. Bf4# 1-0

[Event "ROM GP Final KO"]
[Site "Alba Iulia"]
[Date "2022.12.06"]
[Round "3.1"]
[White "Ciolacu, Alessia Mihaela"]
[Black "Filip, Andrei"]
[Result "1-0"]
[WhiteElo "2231"]
[BlackElo "2319"]
[PlyCount "65"]
[EventDate "2022.12.06"]
[EventType "k.o. (rapid)"]
[EventRounds "3"]
[EventCountry "ROU"]
[SourceTitle "CBM 211 Extra"]
[Source "ChessBase"]
[SourceDate "2023.01.31"]
[SourceVersion "1"]
[SourceVersionDate "2023.01.31"]
[SourceQuality "1"]

1. d4 Nf6 2. c4 e6 3. Nc3 Bb4 4. Qc2 0-0 5. a3 Bxc3+ 6. Qxc3 d5 7. Nf3 dxc4 8. Qxc4 b6 9. g3 Bb7 10. Bg2 Nbd7 11. 0-0 Rc8 12. Rd1 Qe7 13. Bf4 Rfd8 14. b4 Nd5 15. Bg5 f6 16. Bd2 c5 17. dxc5 bxc5 18. bxc5 Nxc5 19. Ba5 Re8 20. Nd4 Nb6 21. Qa2 Bxg2 22. Kxg2 Kh8 23. Rac1 Qb7+ 24. Kg1 Ne4 25. Nxe6 Rxc1 26. Rxc1 Qf7 27. Bxb6 axb6 28. Qd5 Nc5 29. Nf4 Qa7 30. Rd1 Qxa3 31. Rd4 Qa1+ 32. Kg2 Qa8 33. Ng6+ 1-0